| 000 | 00577cam a22001691 4500 | ||
|---|---|---|---|
| 082 |
_a621.43 _bMAL |
||
| 100 | 1 |
_aMaleev, Vladimir Leonidas, _941726 |
|
| 245 | 1 | 0 |
_aInternal-combustion engines, theory and design, _cby V.L. Maleev ... |
| 250 | _a2d ed. | ||
| 260 |
_aNew York, _bLondon, _bMcGraw-Hill Book Company, inc., _c1945. |
||
| 300 |
_axii, 636 p. _billus., diagrs. (part fold.) _c22 cm. |
||
| 500 | _a"Answers to problems": p. 629-636. | ||
| 526 |
_a0 _b0 _c0 _d621_430000000000000_MAL |
||
| 650 | 0 | _aInternal combustion engines. | |
| 650 | 0 |
_aMCE _9379 |
|
| 942 |
_2ddc _cBK |
||
| 999 |
_c549626 _d549626 |
||